Derecho parlamentario argentino (Registro nro. 6151)

Detalles MARC
000 -LEADER
fixed length control field 01159 a2200229 4500
001 - CONTROL NUMBER
control field 57159
005 - DATE AND TIME OF LATEST TRANSACTION
control field 20260407155834.0
008 - FIXED-LENGTH DATA ELEMENTS--GENERAL INFORMATION
fixed length control field 260407a1997 arg spa d
003 - CONTROL NUMBER IDENTIFIER
control field AR-UNSa-BCEJYS
040 ## - CATALOGING SOURCE
Original cataloging agency AR-UNSa-BCEJYS
Language of cataloging spa
Transcribing agency AR-UNSa-BCEJYS
080 ## - UNIVERSAL DECIMAL CLASSIFICATION NUMBER
Universal Decimal Classification number 342
Common auxiliary subdivision Derecho constitucional (Derecho Público)
020 ## - INTERNATIONAL STANDARD BOOK NUMBER
International Standard Book Number 987-507-016-5
041 ## - LANGUAGE CODE
Language code of text/sound track or separate title spa
100 1# - MAIN ENTRY--PERSONAL NAME
Personal name Gentile, Jorge Horacio
245 10 - TITLE STATEMENT
Title Derecho parlamentario argentino
264 #1 - PRODUCTION, PUBLICATION, DISTRIBUTION, MANUFACTURE, AND COPYRIGHT NOTICE
Place of production, publication, distribution, manufacture Buenos Aires :
Name of producer, publisher, distributor, manufacturer Ediciones Ciudad Argentina
Date of production, publication, distribution, manufacture, or copyright notice 1997
300 ## - PHYSICAL DESCRIPTION
Extent 349 p.
Dimensions 24 cm.
505 ## - FORMATTED CONTENTS NOTE
Formatted contents note 1. Nociones básicas – 2. Antecedentes y roles del parlamento – 3. Organización y composición del congreso – 4. Prerrogativas – 5. Los congresistas – 6. Años legislativos y sesiones – 7. La ley – 8. Otras decisiones de las cámaras – 9. Juicio político – 10. Relaciones con el poder ejecutivo – 11. Relaciones con otros órganos y la sociedad – 12. El congreso reunido en asamblea – 13. Atribuciones del congreso
590 ## - LOCAL NOTE (RLIN)
Local note niveau_biblio:m niveau_hierar:0
856 41 - ELECTRONIC LOCATION AND ACCESS
Uniform Resource Identifier <a href="https://biblioeco.unsa.edu.ar/pmb/images/libros/L128729.jpg">https://biblioeco.unsa.edu.ar/pmb/images/libros/L128729.jpg</a>
Link text Imagen de portada
Electronic format type image/jpeg
942 ## - ADDED ENTRY ELEMENTS (KOHA)
Koha item type
Existencias
Withdrawn status Lost status Damaged status Not for loan Home library Current library Shelving location Date acquired Total checkouts Full call number Barcode Date last seen Price effective from Koha item type
        Biblioteca Prof. Eusebio Cleto del Rey Biblioteca Prof. Eusebio Cleto del Rey   07/04/2026   342 G337 L128729 07/04/2026 07/04/2026 Libro